Class actions and other multi-party litigation in a nutshell / (Record no. 96748)

MARC details
000 -LEADER
campo de control de longitud fija 00828cam a2200289Mi 4500
001 - NÚMERO DE CONTROL
campo de control 98432
005 - FECHA Y HORA DE LA ÚLTIMA TRANSACCIÓN
campo de control 20230410143145.0
008 - DATOS DE LONGITUD FIJA--INFORMACIÓN GENERAL
campo de control de longitud fija 090121s2007 mnu 000 0 eng d
035 ## - NÚMERO DE CONTROL DEL SISTEMA
Número de control de sistema (OCoLC)ocn644401009
040 ## - FUENTE DE CATALOGACIÓN
Centro catalogador/agencia de origen ESSAL
Lengua de catalogación spa
Centro/agencia transcriptor ESSAL
020 ## - NÚMERO INTERNACIONAL ESTÁNDAR DEL LIBRO
Número Internacional Estándar del Libro 9780314172242
020 ## - NÚMERO INTERNACIONAL ESTÁNDAR DEL LIBRO
Número Internacional Estándar del Libro 0314172246
035 ## - NÚMERO DE CONTROL DEL SISTEMA
Número de control de sistema (OCoLC)644401009
049 ## - FONDOS LOCALES (OCLC)
Biblioteca depositaria GRAL
050 14 - SIGNATURA TOPOGRÁFICA DE LA BIBLIOTECA DEL CONGRESO
Número de clasificación bK66k 2007
100 1# - ENTRADA PRINCIPAL--NOMBRE DE PERSONA
Nombre de persona Klonoff, Robert H.
245 10 - MENCIÓN DEL TÍTULO
Título Class actions and other multi-party litigation in a nutshell /
Mención de responsabilidad, etc. by Robert H. Klonoff.
250 ## - MENCION DE EDICION
Mención de edición 3rd ed.
260 ## - PUBLICACIÓN, DISTRIBUCIÓN, ETC.
Lugar de publicación, distribución, etc. St. Paul :
Nombre del editor, distribuidor, etc. Thomson/West,
Fecha de publicación, distribución, etc. cop. 2007.
300 ## - DESCRIPCIÓN FÍSICA
Extensión xliii, 443 p.
490 1# - MENCIÓN DE SERIE
Mención de serie West nutshell series
650 04 - PUNTO DE ACCESO ADICIONAL DE MATERIA--TÉRMINO DE MATERIA
Término de materia o nombre geográfico como elemento de entrada Acciones colectivas (Procedimiento civil)
Subdivisión geográfica Estados Unidos.
830 #0 - PUNTO DE ACCESO ADICIONAL DE SERIE-TÍTULO UNIFORME
Título uniforme West nutshell series.
942 ## - ELEMENTOS DE ENTRADA SECUNDARIOS (KOHA)
Fuente del sistema de clasificación o colocación Clasificación de Library of Congress
Tipo de ítem Koha
946 ## - PROCESAMIENTO DE INFORMACIÓN LOCAL (OCLC)
a INF
994 ## -
-- C0
-- DRFGD
Holdings
Estatus retirado Estado de pérdida Fuente del sistema de clasificación o colocación Estado de daño No para préstamo Colección Biblioteca de origen Biblioteca actual Ubicación en estantería Fecha de adquisición Signatura topográfica completa Código de barras Visto por última vez Copia número Tipo de ítem Koha
    Clasificación de Library of Congress     Automatización y Procesos Técnicos Biblioteca Juan Bosch Biblioteca Juan Bosch Automatización y Procesos Técnicos (1er. Piso) 10/04/2023 K66k 2007 00000091616 21/01/2019 1